[Event "Bundesliga 2324"]
[Site "Germany"]
[Date "2024.02.23"]
[Round "9.2"]
[White "Kruckenhauser, Arthur"]
[Black "Alonso Rosell, Alvar"]
[Result "1/2-1/2"]
[WhiteElo "2324"]
[BlackElo "2574"]
[PlyCount "72"]
[EventDate "2023.10.21"]
[EventType "team-tourn"]
[EventRounds "15"]
[EventCountry "GER"]
[SourceTitle "CB09_2024"]
[SourceDate "2024.02.28"]
[SourceVersion "1"]
[SourceVersionDate "2024.02.28"]
[SourceQuality "1"]
[WhiteTeam "Muenchen Zugzwang"]
[BlackTeam "Bayern Muenchen"]
[WhiteTeamCountry "GER"]
[BlackTeamCountry "GER"]

1. e4 c6 2. Nf3 d5 3. Nc3 Bg4 4. h3 Bxf3 5. Qxf3 e6 6. Be2 Bc5 7. 0-0 Ne7 8. exd5 exd5 9. Rd1 0-0 10. d4 Bd6 11. Bd3 Nd7 12. Ne2 Bc7 13. h4 Re8 14. g3 Nf8 15. c3 Nc8 16. Bg5 Qd7 17. Bf5 Ne6 18. Bf4 Nd6 19. Bxd6 Qxd6 20. Re1 Re7 21. Kf1 Rae8 22. Ng1 g6 23. Bxe6 fxe6 24. Qg4 e5 25. dxe5 Rxe5 26. Nf3 Re4 27. Rxe4 dxe4 28. Ng5 Bb6 29. Re1 Qf6 30. Re2 e3 31. Kg2 h6 32. Nh3 Qf7 33. fxe3 Rxe3 34. Rxe3 Bxe3 35. Qe4 Bc1 36. b3 Bd2 1/2-1/2

[Event "Titled Tuesday intern op 09th Jan Early"]
[Site "Chess.com INT"]
[Date "2024.01.09"]
[Round "2"]
[White "Hercegovac, Neven"]
[Black "Kruckenhauser, Arthur"]
[Result "0-1"]
[WhiteElo "2301"]
[BlackElo "2350"]
[PlyCount "132"]
[EventDate "2024.01.09"]
[EventType "swiss (blitz)"]
[EventRounds "11"]
[EventCountry "USA"]
[SourceTitle "CB03_2024"]
[SourceDate "2024.01.17"]
[SourceVersion "1"]
[SourceVersionDate "2024.01.17"]
[SourceQuality "1"]

1. d4 Nf6 2. Bf4 d5 3. e3 Bf5 4. Bd3 Bxd3 5. cxd3 e6 6. Nc3 a6 7. Qb3 b6 8. Nf3 Bd6 9. Bxd6 Qxd6 10. 0-0 0-0 11. e4 Qd8 12. Rac1 h6 13. Rfd1 Re8 14. a4 Kh8 15. a5 Nc6 16. axb6 cxb6 17. Na4 Na5 18. Qxb6 Qxb6 19. Nxb6 Rab8 20. Na4 dxe4 21. Ne5 Kg8 22. Rc5 Rb5 23. Rc7 exd3 24. Nxf7 Nd5 25. Ra7 Nc6 26. Rxa6 Ndb4 27. Rxc6 Nxc6 28. Nd6 Rb4 29. Nxe8 Rxa4 30. f3 Rxd4 31. Kf1 Rd7 32. Rc1 d2 33. Rd1 Kf7 34. Nc7 Rxc7 35. Rxd2 Ne5 36. Re2 Kf6 37. f4 Nd3 38. g3 Rc1+ 39. Kg2 Rb1 40. Rd2 Rxb2 41. Rxb2 Nxb2 42. Kf3 Nc4 43. Ke4 Nd6+ 44. Kf3 h5 45. h3 Nb5 46. Ke4 Nc3+ 47. Kf3 Kg6 48. Ke3 Nd5+ 49. Kf3 Ne7 50. Ke4 Nf5 51. Kf3 Kf6 52. g4 hxg4+ 53. hxg4 Nd4+ 54. Ke4 Nc2 55. Kd3 Nb4+ 56. Ke4 Nd5 57. f5 Nc3+ 58. Kd3 exf5 59. gxf5 Kxf5 60. Kxc3 Kf4 61. Kd2 Kf3 62. Ke1 Kg2 63. Ke2 g5 64. Ke1 g4 65. Ke2 g3 66. Ke1 Kh2 0-1

[Event "Titled Tuesday intern op 12th Dec Early"]
[Site "Chess.com INT"]
[Date "2023.12.12"]
[Round "3"]
[White "Kruckenhauser, Arthur"]
[Black "Klukin, Kirill"]
[Result "0-1"]
[WhiteElo "2310"]
[BlackElo "2390"]
[PlyCount "124"]
[EventDate "2023.12.12"]
[EventType "swiss (blitz)"]
[EventRounds "11"]
[EventCountry "USA"]
[SourceTitle "CB51_2023"]
[SourceDate "2023.12.20"]
[SourceVersion "1"]
[SourceVersionDate "2023.12.20"]
[SourceQuality "1"]

1. d4 f5 2. e3 Nf6 3. Bd3 e6 4. Nf3 b6 5. Nbd2 Bb7 6. Qe2 Ne4 7. c4 Bb4 8. 0-0 0-0 9. a3 Be7 10. Ne1 c5 11. f3 Nxd2 12. Bxd2 Bf6 13. Bc3 f4 14. Nc2 Nc6 15. Qf2 fxe3 16. Qxe3 cxd4 17. Nxd4 Ne5 18. Be2 Rc8 19. Nxe6 dxe6 20. Bxe5 Rc5 21. Bxf6 Qxf6 22. b4 Re5 23. Qf2 Rg5 24. Rad1 Qb2 25. Rd7 Rf7 26. Rxf7 Kxf7 27. Rd1 Bc6 28. Qh4 Qxe2 29. Qxg5 Qxd1+ 30. Kf2 Qc2+ 31. Kg1 Qxc4 32. Qd8 Qd5 33. Qc7+ Qd7 34. Qf4+ Ke7 35. Qg5+ Ke8 36. Qf4 h6 37. Qe5 Kf7 38. Qf4+ Kg8 39. Qb8+ Kh7 40. Qf4 Bd5 41. Qd4 Qf7 42. a4 Qg6 43. a5 Bxf3 44. Qf2 Qxg2+ 45. Qxg2 Bxg2 46. Kxg2 bxa5 47. bxa5 Kg6 48. Kf3 Kf5 49. Ke3 g5 50. Kd4 h5 51. Kc5 g4 52. Kc6 h4 53. Kb7 g3 54. hxg3 hxg3 55. Kxa7 g2 56. a6 g1Q+ 57. Ka8 Qg8+ 58. Ka7 e5 59. Kb7 e4 60. a7 e3 61. a8Q Qxa8+ 62. Kxa8 e2 0-1

[Event "Titled Tuesday intern op 04th Jul Late"]
[Site "Chess.com INT"]
[Date "2023.07.04"]
[Round "4"]
[White "Kruckenhauser, Arthur"]
[Black "Sreyas, Payyappat"]
[Result "0-1"]
[WhiteElo "2374"]
[BlackElo "2075"]
[PlyCount "70"]
[EventDate "2023.07.04"]
[EventType "swiss (blitz)"]
[EventRounds "11"]
[EventCountry "USA"]
[SourceTitle "EXT 2024"]
[Source "ChessBase"]
[SourceDate "2023.10.10"]
[SourceVersion "1"]
[SourceVersionDate "2023.10.10"]
[SourceQuality "1"]

1. e4 c6 2. Nf3 d5 3. Nc3 dxe4 4. Nxe4 Nf6 5. Qe2 Nxe4 6. Qxe4 Nd7 7. d4 Nf6 8. Qf4 g6 9. Bc4 Bg7 10. 0-0 0-0 11. Re1 Bf5 12. c3 e6 13. Qh4 Nd5 14. Bg5 Qb6 15. Bb3 a5 16. Bh6 a4 17. Bxd5 cxd5 18. Ng5 f6 19. Bxg7 fxg5 20. Qh6 Rf7 21. Be5 Qxb2 22. Qxg5 Raf8 23. Qe3 Rc8 24. c4 Rxc4 25. Rac1 b5 26. Qg5 Qa3 27. Qd8+ Qf8 28. Qb6 Qc8 29. Rcd1 b4 30. h4 Rb7 31. Qa6 b3 32. axb3 axb3 33. g4 Bxg4 34. Ra1 b2 35. Rab1 Rc1 0-1

[Event "Titled Tuesday intern op 13th Jun Early"]
[Site "Chess.com INT"]
[Date "2023.06.13"]
[Round "8"]
[White "Belov, Alexei"]
[Black "Kruckenhauser, Arthur"]
[Result "1-0"]
[WhiteElo "2421"]
[BlackElo "2374"]
[PlyCount "53"]
[EventDate "2023.06.13"]
[EventType "swiss (blitz)"]
[EventRounds "11"]
[EventCountry "USA"]
[SourceTitle "EXT 2024"]
[Source "ChessBase"]
[SourceDate "2023.10.10"]
[SourceVersion "1"]
[SourceVersionDate "2023.10.10"]
[SourceQuality "1"]

1. e4 c5 2. Nf3 d6 3. d4 cxd4 4. Nxd4 Nf6 5. Nc3 g6 6. Be3 Bg7 7. f3 0-0 8. Qd2 Nc6 9. Bc4 Bd7 10. 0-0-0 Rc8 11. Bb3 Nxd4 12. Bxd4 b5 13. a3 a5 14. Rhe1 b4 15. axb4 axb4 16. Nd5 Nxd5 17. Bxg7 Kxg7 18. exd5 Re8 19. Qxb4 Kg8 20. Rd3 Rb8 21. Qd4 Qa5 22. Rde3 Rb4 23. Bc4 Rc8 24. b3 e5 25. dxe6 Bxe6 26. Rxe6 Rbxc4 27. Re8+ 1-0

[Event "Titled Tuesday intern op 13th Jun Early"]
[Site "Chess.com INT"]
[Date "2023.06.13"]
[Round "5"]
[White "Fiorito, Joaquin"]
[Black "Kruckenhauser, Arthur"]
[Result "0-1"]
[WhiteElo "2409"]
[BlackElo "2374"]
[PlyCount "72"]
[EventDate "2023.06.13"]
[EventType "swiss (blitz)"]
[EventRounds "11"]
[EventCountry "USA"]
[SourceTitle "EXT 2024"]
[Source "ChessBase"]
[SourceDate "2023.10.10"]
[SourceVersion "1"]
[SourceVersionDate "2023.10.10"]
[SourceQuality "1"]

1. d4 Nf6 2. c4 c5 3. d5 b5 4. Qc2 bxc4 5. e4 d6 6. Bxc4 g6 7. Nf3 Bg7 8. 0-0 0-0 9. Nc3 Nbd7 10. h3 Nb6 11. Be2 a5 12. Bf4 Ne8 13. Rfd1 Nc7 14. e5 Bf5 15. Bd3 Ncxd5 16. Bxf5 Nxf4 17. Qe4 Nh5 18. g4 gxf5 19. Qxf5 e6 20. Qxh5 d5 21. Ne4 Nd7 22. Ng3 Rb8 23. b3 Rb4 24. Rac1 a4 25. Rd3 axb3 26. axb3 Qe7 27. Ng5 h6 28. Nf3 Rfb8 29. Rcc3 Nf8 30. g5 hxg5 31. Nxg5 Ng6 32. Rf3 Rh4 33. Rxf7 Rxh5 34. Rxe7 Rxg5 35. Rxe6 Nf4 36. Rc6 Ne2+ 0-1

[Event "Titled Tuesday intern op 13th Jun Late"]
[Site "Chess.com INT"]
[Date "2023.06.13"]
[Round "1"]
[White "Kruckenhauser, Arthur"]
[Black "Dardha, Daniel"]
[Result "0-1"]
[WhiteElo "2374"]
[BlackElo "2619"]
[PlyCount "103"]
[EventDate "2023.06.13"]
[EventType "swiss (blitz)"]
[EventRounds "11"]
[EventCountry "USA"]
[SourceTitle "EXT 2024"]
[Source "ChessBase"]
[SourceDate "2023.10.10"]
[SourceVersion "1"]
[SourceVersionDate "2023.10.10"]
[SourceQuality "1"]

1. e4 c5 2. Nf3 d6 3. Nc3 Nf6 4. d4 cxd4 5. Qxd4 Bd7 6. Bg5 Nc6 7. Qd3 e6 8. a3 a6 9. Be2 Be7 10. 0-0 Rc8 11. Rad1 0-0 12. Bf4 e5 13. Bg5 Ne8 14. Bxe7 Nxe7 15. Nxe5 Be6 16. Nf3 Qb6 17. Rb1 Nf6 18. Nd4 Bc4 19. Qd2 Bxe2 20. Ndxe2 Rfe8 21. h3 Ng6 22. Nd4 Nxe4 23. Nxe4 Rxe4 24. Nf5 Re6 25. c3 Qc5 26. Nd4 Re7 27. Rbe1 Rce8 28. Rxe7 Rxe7 29. Re1 Re5 30. Rxe5 dxe5 31. Nf5 Qc7 32. h4 Nf4 33. Qe3 g6 34. Nh6+ Kg7 35. Ng4 f6 36. g3 Nd5 37. Qf3 Qc6 38. h5 gxh5 39. Nh2 Kh6 40. Nf1 Ne7 41. Qe3+ Kg7 42. Nd2 Ng6 43. Ne4 h4 44. gxh4 Nxh4 45. Qg3+ Ng6 46. f3 f5 47. Ng5 Qd5 48. Qf2 Nf4 49. Kh2 Qd6 50. Nh3 Qh6 51. Qg3+ Kf6 52. b4 0-1

[Event "Titled Tuesday intern op 13th Jun Late"]
[Site "Chess.com INT"]
[Date "2023.06.13"]
[Round "2"]
[White "Lenoir Ibacache, Gabriel Alberto"]
[Black "Kruckenhauser, Arthur"]
[Result "0-1"]
[WhiteElo "2225"]
[BlackElo "2374"]
[PlyCount "122"]
[EventDate "2023.06.13"]
[EventType "swiss (blitz)"]
[EventRounds "11"]
[EventCountry "USA"]
[SourceTitle "EXT 2024"]
[Source "ChessBase"]
[SourceDate "2023.10.10"]
[SourceVersion "1"]
[SourceVersionDate "2023.10.10"]
[SourceQuality "1"]

1. e4 c5 2. g3 g6 3. Bg2 Bg7 4. Ne2 Nc6 5. c3 e6 6. d4 cxd4 7. cxd4 d5 8. exd5 exd5 9. Nbc3 Nge7 10. 0-0 0-0 11. Bg5 h6 12. Bxe7 Nxe7 13. Nf4 Nc6 14. Bxd5 Nxd4 15. Nxg6 Re8 16. Nf4 Qg5 17. Qh5 Qxh5 18. Nxh5 Be5 19. f4 Bh8 20. Ne4 Rxe4 21. Bxe4 Bg4 22. Rae1 Bxh5 23. Rf2 Re8 24. Bh7+ Kf8 25. Rxe8+ Kxe8 26. f5 Bf6 27. h3 Bf3 28. Rd2 Bc6 29. Kf2 Kf8 30. Ke3 Kg7 31. Rxd4 Bxd4+ 32. Kxd4 Kxh7 33. Ke5 Kg8 34. g4 Kg7 35. h4 f6+ 36. Kf4 Kf7 37. g5 hxg5+ 38. hxg5 fxg5+ 39. Kxg5 Bd5 40. a3 b5 41. Kf4 Kf6 42. Ke3 Ke5 43. f6 Bf7 44. Kd3 Kd5 45. Kc3 Kc5 46. Kd3 a5 47. Kc3 b4+ 48. axb4+ axb4+ 49. Kd3 Kb5 50. Kd4 Ka4 51. Kc5 Kb3 52. Kb5 Be8+ 53. Kc5 Ka4 54. Kc4 Bf7+ 55. Kc5 Ka5 56. Kd4 Kb5 57. Kd3 Kc5 58. Kd2 Kc4 59. Kc2 Bg6+ 60. Kc1 Kb3 61. Kd2 Kxb2 0-1

[Event "Titled Tuesday intern op 13th Jun Late"]
[Site "Chess.com INT"]
[Date "2023.06.13"]
[Round "5"]
[White "Sieciechowicz, Marcin"]
[Black "Kruckenhauser, Arthur"]
[Result "1-0"]
[WhiteElo "2387"]
[BlackElo "2374"]
[PlyCount "91"]
[EventDate "2023.06.13"]
[EventType "swiss (blitz)"]
[EventRounds "11"]
[EventCountry "USA"]
[SourceTitle "EXT 2024"]
[Source "ChessBase"]
[SourceDate "2023.10.10"]
[SourceVersion "1"]
[SourceVersionDate "2023.10.10"]
[SourceQuality "1"]

1. d4 Nf6 2. Bf4 g6 3. e3 Bg7 4. Nf3 0-0 5. Be2 d6 6. 0-0 Nbd7 7. h3 Re8 8. c3 e5 9. Bh2 h6 10. Nbd2 c6 11. Nc4 e4 12. Nfd2 d5 13. Nd6 Rf8 14. c4 Ne8 15. cxd5 cxd5 16. Rc1 Nb6 17. Nxc8 Rxc8 18. Rxc8 Qxc8 19. Qb3 Nf6 20. a4 Rd8 21. Bb5 Nbd7 22. Nb1 Nf8 23. Nc3 a6 24. Be2 Ne6 25. Rc1 Bf8 26. Be5 Bg7 27. a5 Ne8 28. Bh2 f5 29. Rc2 Qd7 30. Na4 Kh7 31. Nc5 Nxc5 32. Rxc5 Bf8 33. Rc2 Be7 34. Qb6 Rc8 35. Rxc8 Qxc8 36. Be5 Qd7 37. b4 Bd6 38. b5 Bxe5 39. dxe5 axb5 40. Bxb5 Qe7 41. Bxe8 Qxe8 42. Qxb7+ Kh8 43. a6 Qxe5 44. a7 Qa1+ 45. Kh2 Qe5+ 46. g3 1-0

[Event "Titled Tuesday intern op 16th May Late"]
[Site "Chess.com INT"]
[Date "2023.05.16"]
[Round "6"]
[White "Figorito, Nick"]
[Black "Kruckenhauser, Arthur"]
[Result "1-0"]
[WhiteElo "2036"]
[BlackElo "2383"]
[PlyCount "69"]
[EventDate "2023.05.16"]
[EventType "swiss (blitz)"]
[EventRounds "11"]
[EventCountry "USA"]
[SourceTitle "CBM 214 Extra"]
[Source "ChessBase"]
[SourceDate "2023.07.31"]
[SourceVersion "1"]
[SourceVersionDate "2023.07.31"]
[SourceQuality "1"]

1. Nf3 d5 2. g3 e6 3. Bg2 Nf6 4. 0-0 Be7 5. d4 0-0 6. Nbd2 b6 7. b3 c5 8. Bb2 Nc6 9. c4 cxd4 10. Nxd4 Nxd4 11. Bxd4 Bb7 12. cxd5 Bxd5 13. Bxd5 Qxd5 14. Nf3 Rfd8 15. Bxf6 Bxf6 16. Qxd5 Rxd5 17. Rac1 h6 18. Rc7 a5 19. Rb7 Rb5 20. Rc1 a4 21. bxa4 Rxa4 22. Rc8+ Kh7 23. Rc2 Kg6 24. e3 Rb1+ 25. Kg2 b5 26. Nd2 Rbb4 27. Nb3 Rc4 28. Re2 b4 29. h4 h5 30. Rb5 Bc3 31. Nc5 Ra3 32. Nd3 e5 33. Rxe5 Kh7 34. Rxh5+ Kg8 35. Rc5 1-0

[Event "Titled Tuesday intern op 16th May Late"]
[Site "Chess.com INT"]
[Date "2023.05.16"]
[Round "2"]
[White "Kruckenhauser, Arthur"]
[Black "Garcia Correa, Jose Ricardo"]
[Result "1-0"]
[WhiteElo "2383"]
[BlackElo "2103"]
[PlyCount "115"]
[EventDate "2023.05.16"]
[EventType "swiss (blitz)"]
[EventRounds "11"]
[EventCountry "USA"]
[SourceTitle "CBM 214 Extra"]
[Source "ChessBase"]
[SourceDate "2023.07.31"]
[SourceVersion "1"]
[SourceVersionDate "2023.07.31"]
[SourceQuality "1"]

1. Nf3 Nf6 2. c4 g6 3. b3 Bg7 4. Bb2 d6 5. e3 e5 6. Be2 0-0 7. 0-0 a5 8. a3 Na6 9. Nc3 e4 10. Nd4 Nc5 11. b4 axb4 12. axb4 Rxa1 13. Bxa1 Ne6 14. Nxe6 Bxe6 15. d3 exd3 16. Qxd3 Re8 17. Bf3 Bf5 18. Qd2 Bc8 19. Rd1 Ng4 20. h3 Ne5 21. Be2 b6 22. Nd5 Be6 23. Kf1 c6 24. Nf4 Bxc4 25. Qxd6 Bxe2+ 26. Kxe2 Qa8 27. Qd4 Qa6+ 28. Nd3 c5 29. bxc5 bxc5 30. Qb2 c4 31. Nb4 Qb5 32. Qc3 Ra8 33. f4 Rxa1 34. fxe5 Rxd1 35. Kxd1 Bxe5 36. Qd2 c3 37. Qd8+ Kg7 38. Nd3 Qb1+ 39. Ke2 Qc2+ 40. Kf3 Qd2 41. Qd5 Bf6 42. Qc4 c2 43. g4 Qxd3 44. Qxd3 c1Q 45. Qe2 Qh1+ 46. Kg3 Be5+ 47. Kh4 h6 48. g5 hxg5+ 49. Kg4 Qg2+ 50. Qxg2 f5+ 51. Kf3 Kf6 52. Ke2 g4 53. Qc6+ Kg5 54. hxg4 fxg4 55. Qd7 g3 56. Kf1 Kh4 57. Kg2 g5 58. Qh3# 1-0

[Event "Titled Tuesday intern op 02nd May Early"]
[Site "Chess.com INT"]
[Date "2023.05.02"]
[Round "1"]
[White "Kruckenhauser, Arthur"]
[Black "Kozak, Antoni"]
[Result "0-1"]
[WhiteElo "2383"]
[BlackElo "2422"]
[PlyCount "64"]
[EventDate "2023.05.02"]
[EventType "swiss (blitz)"]
[EventRounds "11"]
[EventCountry "USA"]
[SourceTitle "EXT 2024"]
[Source "ChessBase"]
[SourceDate "2023.10.10"]
[SourceVersion "1"]
[SourceVersionDate "2023.10.10"]
[SourceQuality "1"]

1. e4 Nf6 2. Nc3 d5 3. exd5 Nxd5 4. Bc4 c6 5. Qf3 Be6 6. Nxd5 Bxd5 7. Bxd5 cxd5 8. Ne2 e5 9. 0-0 Nc6 10. d4 e4 11. Qb3 Qd7 12. f3 Bd6 13. fxe4 dxe4 14. Bf4 0-0 15. c3 Be7 16. Rae1 Rae8 17. Ng3 Na5 18. Qd1 f5 19. b4 Nc4 20. Qb3 Qd5 21. b5 Rc8 22. a4 g6 23. Ne2 Rfd8 24. Bc1 Na5 25. Qxd5+ Rxd5 26. Nf4 Rd7 27. Bb2 Nc4 28. Ba1 Bg5 29. g4 Nd2 30. Rf2 Nf3+ 31. Rxf3 exf3 32. Ne6 f2+ 0-1

[Event "Titled Tuesday intern op 25th Apr Late"]
[Site "Chess.com INT"]
[Date "2023.04.25"]
[Round "7"]
[White "Martinez Ramirez, Lennis"]
[Black "Kruckenhauser, Arthur"]
[Result "1-0"]
[WhiteElo "2428"]
[BlackElo "2364"]
[PlyCount "113"]
[EventDate "2023.04.25"]
[EventType "swiss (blitz)"]
[EventRounds "11"]
[EventCountry "USA"]
[SourceTitle "EXT 2024"]
[Source "ChessBase"]
[SourceDate "2023.10.10"]
[SourceVersion "1"]
[SourceVersionDate "2023.10.10"]
[SourceQuality "1"]

1. d4 Nf6 2. Nf3 e6 3. g3 c5 4. Bg2 cxd4 5. 0-0 d5 6. Nxd4 e5 7. Nf3 Nc6 8. Bg5 Be7 9. Nc3 Be6 10. Bxf6 Bxf6 11. e4 d4 12. Nd5 0-0 13. c4 dxc3 14. bxc3 Rc8 15. Nd2 Na5 16. Rc1 b6 17. c4 Be7 18. Qa4 Bc5 19. Nb3 Nxb3 20. axb3 a5 21. Rcd1 Qe8 22. Qa1 f6 23. Kh1 Kh8 24. f4 exf4 25. gxf4 Bg4 26. Rde1 Qh5 27. Qc3 Rce8 28. Qd3 Bc8 29. Qg3 Qg4 30. Bf3 Qxg3 31. hxg3 Bb7 32. Kg2 Kg8 33. Bg4 g6 34. Bd7 Rd8 35. Bb5 Kg7 36. Kf3 f5 37. exf5 Bxd5+ 38. cxd5 Rxd5 39. fxg6 hxg6 40. Bc4 Rd7 41. Re6 Rf6 42. Rfe1 Rxe6 43. Rxe6 Rd2 44. Rc6 Rf2+ 45. Kg4 Rd2 46. Rc7+ Kf8 47. Kg5 Rd6 48. Bf7 Bf2 49. g4 Be3 50. Bc4 Rd4 51. Rf7+ Ke8 52. Rf6 a4 53. Bb5+ Ke7 54. bxa4 Rd5+ 55. Kxg6 Bd4 56. Rf7+ Kd6 57. f5 1-0

[Event "Titled Tuesday intern op 25th Apr Late"]
[Site "Chess.com INT"]
[Date "2023.04.25"]
[Round "4"]
[White "Winkels, Marcel"]
[Black "Kruckenhauser, Arthur"]
[Result "0-1"]
[WhiteElo "1962"]
[BlackElo "2364"]
[PlyCount "54"]
[EventDate "2023.04.25"]
[EventType "swiss (blitz)"]
[EventRounds "11"]
[EventCountry "USA"]
[SourceTitle "EXT 2024"]
[Source "ChessBase"]
[SourceDate "2023.10.10"]
[SourceVersion "1"]
[SourceVersionDate "2023.10.10"]
[SourceQuality "1"]

1. d4 Nf6 2. Nc3 d5 3. Bf4 c5 4. e4 Nxe4 5. Nxe4 dxe4 6. dxc5 Qa5+ 7. c3 Qxc5 8. Qa4+ Nc6 9. Qxe4 g6 10. Nf3 Bg7 11. Rd1 0-0 12. Be3 Qa5 13. Bc4 Bf5 14. Qh4 Rfd8 15. 0-0 Rxd1 16. Rxd1 Rd8 17. Rxd8+ Qxd8 18. h3 Qd1+ 19. Kh2 Qd6+ 20. Kg1 Ne5 21. Nxe5 Bxe5 22. Bb3 Qd3 23. g4 Qb1+ 24. Kg2 Bd3 25. f4 Qf1+ 26. Kh2 Be4 27. fxe5 Qg2# 0-1